[Event "Neumarkt am Wallersee op 17th"]
[Site "Neumarkt am Wallersee"]
[Date "2019.08.31"]
[Round "7.1"]
[White "Stronk, Klaus"]
[Black "Gruener, David"]
[Result "1-0"]
[WhiteElo "1568"]
[BlackElo "1669"]
[PlyCount "137"]
[EventDate "2019.08.25"]
[EventType "swiss"]
[EventRounds "7"]
[EventCountry "AUT"]
[SourceTitle "EXT 2024"]
[Source "ChessBase"]
[SourceDate "2023.10.10"]
[SourceVersion "1"]
[SourceVersionDate "2023.10.10"]
[SourceQuality "1"]

1. d4 d5 2. Nf3 Nf6 3. e3 e6 4. Bd3 c5 5. b3 Nc6 6. a3 a6 7. Nbd2 b5 8. dxc5 Bxc5 9. Bb2 0-0 10. 0-0 Re8 11. Ne5 Nxe5 12. Bxe5 Bb7 13. Qf3 Bd6 14. Bxf6 Qxf6 15. Qxf6 gxf6 16. f4 f5 17. Rf3 Kh8 18. b4 Rg8 19. Rh3 d4 20. g3 dxe3 21. Nf1 Bxf4 22. Re1 Be5 23. Nxe3 Bd4 24. Kf2 Rg7 25. Kf1 f4 26. Nd1 fxg3 27. hxg3 Rag8 28. Re2 Bf3 29. Reh2 f5 30. Nf2 Bxf2 31. Kxf2 Bg4 32. Rh6 Re8 33. Ke3 Ree7 34. Kf2 Kg8 35. Rf6 Rgf7 36. Rfh6 Kf8 37. Rh1 Ke8 38. Re1 Kd7 39. c4 bxc4 40. Bxc4 f4 41. Bxa6 fxg3+ 42. Kxg3 Rg7 43. Bb5+ Kc7 44. Kh4 Bf5 45. Be2 Rd7 46. Rc1+ Kb6 47. Rc4 Rd2 48. Bg4 Bxg4 49. Rxg4 Rh2+ 50. Kg3 Rxh6 51. Rxg7 Kb5 52. Ra7 Rf6 53. Rxh7 Ka4 54. Ra7+ Kb5 55. Ra5+ Kb6 56. Re5 Ka6 57. a4 Kb6 58. Kg4 Kc6 59. Kg5 Rf8 60. Rxe6+ Kb7 61. a5 Ra8 62. Kf5 Kc7 63. a6 Kb8 64. b5 Ra7 65. Re8+ Kc7 66. Re7+ Kb6 67. Rxa7 Kxa7 68. Ke5 Ka8 69. Kd5 1-0

[Event "Neumarkt am Wallersee op 17th"]
[Site "Neumarkt am Wallersee"]
[Date "2019.08.29"]
[Round "5.2"]
[White "Winkler, Johannes1111"]
[Black "Gruener, David"]
[Result "0-1"]
[WhiteElo "1122"]
[BlackElo "1669"]
[PlyCount "44"]
[EventDate "2019.08.25"]
[EventType "swiss"]
[EventRounds "7"]
[EventCountry "AUT"]
[SourceTitle "EXT 2024"]
[Source "ChessBase"]
[SourceDate "2023.10.10"]
[SourceVersion "1"]
[SourceVersionDate "2023.10.10"]
[SourceQuality "1"]

1. Nf3 c5 2. d4 cxd4 3. Nxd4 Nc6 4. Be3 Nf6 5. f3 d5 6. Nc3 e5 7. Nxc6 bxc6 8. Bg5 Ba6 9. g3 h6 10. Bxf6 Qxf6 11. Qd2 Bb4 12. a3 Ba5 13. b4 Bb6 14. Bh3 0-0 15. 0-0-0 Rfd8 16. Na4 e4 17. c3 exf3 18. Rhf1 Bxe2 19. Qxe2 fxe2 20. Rxf6 exd1Q+ 21. Kxd1 gxf6 22. Bf5 Bg1 0-1